MARC details
| 000 -CABECERA |
| campo de control de longitud fija |
01747nam a2200385 i 4500 |
| 003 - IDENTIFICADOR DEL NÚMERO DE CONTROL |
| campo de control |
DO-SdBNP |
| 005 - FECHA Y HORA DE LA ÚLTIMA TRANSACCIÓN |
| campo de control |
20240826104701.0 |
| 007 - CAMPO FIJO DE DESCRIPCIÓN FÍSICA--INFORMACIÓN GENERAL |
| campo de control de longitud fija |
ta |
| 008 - DATOS DE LONGITUD FIJA--INFORMACIÓN GENERAL |
| campo de control de longitud fija |
240826s2024 dr ac 000 0 spa d |
| 020 ## - NÚMERO INTERNACIONAL ESTÁNDAR DEL LIBRO |
| Número Internacional Estándar del Libro |
9789945189889 |
| 040 ## - FUENTE DE LA CATALOGACIÓN |
| Centro catalogador/agencia de origen |
DO-SdBNP |
| Lengua de catalogación |
spa |
| Centro/agencia transcriptor |
BNPHU |
| Normas de descripción |
rda |
| 082 #4 - NÚMERO DE LA CLASIFICACIÓN DECIMAL DEWEY |
| Número de edición |
22 |
| Número de documento/Ítem |
O55 |
| 245 00 - MENCIÓN DE TÍTULO |
| Título |
Omnia vincit poesis / todo lo puede poesía : |
| Resto del título |
antología poética / |
| Mención de responsabilidad, etc. |
edición Rei Berroa |
| 264 #1 - PRODUCCIÓN, PUBLICACIÓN, DISTRIBUCIÓN, FABRICACIÓN Y COPYRIGHT |
| Producción, publicación, distribución, fabricación y copyright |
Santo Domingo : |
| Nombre del de productor, editor, distribuidor, fabricante |
Teatro de la Luna, |
| -- |
Búho, |
| Fecha de producción, publicación, distribución, fabricación o copyright |
2024. |
| 300 ## - DESCRIPCIÓN FÍSICA |
| Extensión |
252 páginas ; |
| Otras características físicas |
ilustraciones, retratos |
| Dimensiones |
22 cm. |
| 336 ## - TIPO DE CONTENIDO |
| Fuente |
rdacontent |
| Término de tipo de contenido |
texto |
| Código de tipo de contenido |
txt |
| 337 ## - TIPO DE MEDIO |
| Fuente |
rdamedia |
| Nombre/término del tipo de medio |
sin mediación |
| Código del tipo de medio |
n |
| 338 ## - TIPO DE SOPORTE |
| Fuente |
rdacarrier |
| Nombre/término del tipo de soporte |
volumen |
| Código del tipo de soporte |
nc |
| 490 1# - MENCIÓN DE SERIE |
| Mención de serie |
Libros de la luna |
| Designación de volumen o secuencia |
17 |
| 500 ## - NOTA GENERAL |
| Nota general |
Omnia vincit poesis / Todo lo puede poesía incluye una selección de los poemas leídos en el XXXI Maratón de Poesía "La pluma y la palabra" del teatro de la Luna, celebrado en la Biblioteca del Congreso y en la Casa de la Luna de Washington, DC del 14 al 16 de junio de 2024. |
| 500 ## - NOTA GENERAL |
| Nota general |
XXXI (31) Maratón de poesía del Teatro de la Luna. |
| 590 ## - NOTA LOCAL (RLIN) |
| Nota local |
Inventariado, 2022/ YL |
| 700 1# - PUNTO DE ACCESO ADICIONAL--NOMBRE DE PERSONA |
| Nombre de persona |
Berroa, Rei |
| Término indicativo de función/relación |
edición, |
| 9 (RLIN) |
85976 |
| 700 1# - PUNTO DE ACCESO ADICIONAL--NOMBRE DE PERSONA |
| Nombre de persona |
Delmonte, José Enrique |
| Término indicativo de función/relación |
poeta |
| -- |
República Dominicana |
| 9 (RLIN) |
78588 |
| 700 1# - PUNTO DE ACCESO ADICIONAL--NOMBRE DE PERSONA |
| Nombre de persona |
Estévez, Sofia |
| Término indicativo de función/relación |
poeta |
| -- |
República Dominicana |
| 9 (RLIN) |
86393 |
| 700 1# - PUNTO DE ACCESO ADICIONAL--NOMBRE DE PERSONA |
| Nombre de persona |
Gutiérrez y Muhs, Gabriella |
| Término indicativo de función/relación |
poeta |
| -- |
Estados Unidos |
| 9 (RLIN) |
86394 |
| 700 1# - PUNTO DE ACCESO ADICIONAL--NOMBRE DE PERSONA |
| Nombre de persona |
Lara, Elizabeth |
| Término indicativo de función/relación |
poeta |
| -- |
Estados Unidos |
| 9 (RLIN) |
86395 |
| 700 1# - PUNTO DE ACCESO ADICIONAL--NOMBRE DE PERSONA |
| Nombre de persona |
Gelinas, Dana |
| Término indicativo de función/relación |
poeta |
| -- |
México |
| 9 (RLIN) |
86396 |
| 700 1# - PUNTO DE ACCESO ADICIONAL--NOMBRE DE PERSONA |
| Nombre de persona |
Roblest, Alberto |
| Término indicativo de función/relación |
poeta |
| -- |
México |
| 9 (RLIN) |
86397 |
| 700 1# - PUNTO DE ACCESO ADICIONAL--NOMBRE DE PERSONA |
| Nombre de persona |
Xiquín, Calixta Gabriel |
| Término indicativo de función/relación |
poeta |
| -- |
Guatemala |
| 9 (RLIN) |
86398 |
| 700 1# - PUNTO DE ACCESO ADICIONAL--NOMBRE DE PERSONA |
| Nombre de persona |
Mejía, Luz Stella |
| Término indicativo de función/relación |
poeta |
| -- |
Colombia |
| 9 (RLIN) |
86399 |
| 700 1# - PUNTO DE ACCESO ADICIONAL--NOMBRE DE PERSONA |
| Nombre de persona |
Duval, Elizabeth |
| Término indicativo de función/relación |
poeta |
| -- |
España |
| 9 (RLIN) |
86400 |
| 910 ## - DATOS DE OPCIÓN DEL USUARIO (OCLC) |
| Datos de opción del usuario |
YLockward |
| 942 ## - ELEMENTOS DE PUNTO DE ACCESO ADICIONAL (KOHA) |
| Fuente del sistema de clasificación o colocación |
Dewey Decimal Classification |
| Tipo de ítem Koha |
Libro |